| 000 | 01564cam a22003255a 4500 | ||
|---|---|---|---|
| 001 | 15631203 | ||
| 005 | 20090813143025.0 | ||
| 008 | 090219s2009 wauab |rb i001 0 eng | ||
| 010 | _a 2009275780 | ||
| 020 | _a0821376071 | ||
| 020 | _a9780821376072 (pbk.) | ||
| 035 | _a(OCoLC)ocn301347970 | ||
| 040 |
_aXFF _cXFF _dDLC |
||
| 042 | _alccopycat | ||
| 082 |
_222 _a330.9 _bECO |
||
| 245 | 0 | 0 |
_aReshaping Economic Geography/ _cThe World Bank |
| 260 |
_aWashington, D.C. : _bWorld Bank, _cc2009. |
||
| 300 |
_axxiii, 383 p. : _bcol. ill., col. maps ; _c27 cm. |
||
| 490 |
_aWorld development report ; _v2009 _929252 |
||
| 500 | _a " ... a product of the staff of the International Bank for Reconstruction and Development/The World Bank."--Verso of title page. | ||
| 504 | _aIncludes bibliographical references (p. 305-329) and index. | ||
| 650 | 0 |
_aEconomic geography. _912500 |
|
| 653 |
_bEco _cMarch2012 |
||
| 710 |
_912494 _aWorld Bank. |
||
| 942 |
_2ddc _cBB |
||
| 999 |
_c13638 _d13638 |
||